Statystyki dla Państwa w języku węgierskim

Kliknij tutaj aby rozwiązać quiz!

Ogólne statystyki

  • Ten quiz został rozwiązany 391 razy
  • Średni wynik to 12 z 18

Statystyki odpowiedzi

język węgierskiPolskie% Poprawnych
DániaDania
96%
EgyiptomEgipt
96%
FranciaországFrancja
96%
FinnországFinlandia
95%
SpanyolországHiszpania
92%
SvédországSzwecja
92%
NémetországNiemcy
81%
MagyarországWęgry
79%
SvájcSzwajcaria
75%
LengyelországPolska
61%
TörökországTurcja
59%
KínaChiny
52%
ÍrországIrlandia
52%
LettországŁotwa
48%
GörögországGrecja
37%
Egyesült ÁllamokStany Zjednoczone
36%
OroszországRosja
29%
OlaszországWłochy
19%

Rozkład punktacji

Percentyl według liczby udzielonych odpowiedzi

Procent ludzi z każdym wynikiem

Twoja historia wyników

Nie rozwiązałeś tego quizu